000 01451nam0a22002771 4500
001 rc\4902657
005 20130426153218.1
021 _aRU
_b[66-69713]
035 _a(NLR Aleph) 008929733
090 _a8877098
_c8877098
100 _a20130426d1966 |||y0rusy50 ca
101 0 _arus
102 _aRU
105 _ay z |||||
200 1 _aОрганизация, планирование и использование оборотных средств на предприятиях легкой и пищевой промышленности
_eЛекция прочитана на Высш. экон. курсах для руководящих работников легкой и пищевой пром-сти, фин. и план. органов
_fРост. н/Д ин-т нар. хоз-ва. Курсы повышения квалификации руководящих и инж.-техн. работников
210 _aРостов-на-Дону
_cБ. и.
_d1966
215 _a39 с.
_d20
320 _aБиблиогр. в конце книги (12 назв.)
606 _aЛегкая промышленность, предприятия
_xОборотные средства
_2psbo
606 _aПищевые предприятия
_xОборотные средства
_2psbo
700 1 _aУсенко
_bВ. С.
801 0 _aRU
_bNLR
_gpsbo
801 1 _aRU
_bELAR
_2rusmarc
852 _aNLR
_j66-4/15450
942 _cBOOK
980 _aNB